Вып. 49; Астрометрия и астрофизика

Manylion Llyfryddiaeth
Parent link:Астрометрия и астрофизика: республиканский межведомственный сборник научных трудов/ Академия наук Украинской ССР (АН УССР), Главная астрономическая обсерватория (ГАО). Вып. 49.— , 1965-1984
Awduron Eraill: Яцкив Я. С. (редактор)
Iaith:Rwseg
Cyhoeddwyd: 1983
Pynciau:
Fformat: Llyfr
KOHA link:https://koha.lib.tpu.ru/cgi-bin/koha/opac-detail.pl?biblionumber=307139

MARC

LEADER 00000nam2a2200000 4500
001 307139
005 20231102001949.0
020 |a RU  |b 83-5ж 
035 |a (RuTPU)RU\TPU\book\332432 
035 |a RU\TPU\book\326848 
090 |a 307139 
100 |a 20151015d1983 k y0rusy5003 ca 
101 0 |a rus 
102 |a UA 
105 |a a z 001zy 
200 0 |a Вып. 49  |f отв. ред. Я. С. Яцкив 
210 |d 1983 
215 |d 26 см  |a 100 с.  |c ил. 
320 |a Библиогр. в конце ст. 
461 1 |0 (RuTPU)RU\TPU\book\299167  |t Астрометрия и астрофизика  |o республиканский межведомственный сборник научных трудов  |f Академия наук Украинской ССР (АН УССР), Главная астрономическая обсерватория (ГАО)  |v Вып. 49  |d 1965-1984 
606 1 |a Астрометрия  |2 stltpush  |3 (RuTPU)RU\TPU\subj\29545  |9 52847 
606 1 |a Астрофизика  |2 stltpush  |3 (RuTPU)RU\TPU\subj\29580  |9 52873 
610 1 |a позиционная астрономия 
610 1 |a теоретическая астрономия 
610 1 |a планеты 
610 1 |a физика 
610 1 |a Солнце 
610 1 |a звезды 
610 1 |a межзвездные среды 
610 1 |a атмосферная оптика 
610 1 |a астроклимат 
610 1 |a наблюдения 
610 1 |a инструменты 
610 1 |a приборы 
610 1 |a методы 
675 |a 521.9  |z rus  |v 4 
675 |a 52:53  |z rus  |v 4 
702 1 |a Яцкив  |b Я. С.  |4 340 
801 0 |a RU  |b 63413507  |c 19950704  |g psbo 
801 1 |a RU  |b 63413507  |c 20150812 
801 2 |a RU  |b 63413507  |c 20170707  |g RCR 
942 |c BK